Technical drafting: (Record no. 1936)
[ view plain ]
| 000 -LEADER | |
|---|---|
| fixed length control field | 00515nam a22001817a 4500 |
| 005 - DATE AND TIME OF LATEST TRANSACTION | |
| control field | 20230322031015.0 |
| 008 - FIXED-LENGTH DATA ELEMENTS--GENERAL INFORMATION | |
| fixed length control field | 230322b |||||||| |||| 00| 0 eng d |
| 020 ## - INTERNATIONAL STANDARD BOOK NUMBER | |
| International Standard Book Number | 978-93-5115-929-2 |
| 082 ## - DEWEY DECIMAL CLASSIFICATION NUMBER | |
| Classification number | 604.24 T531 2016 |
| 110 ## - MAIN ENTRY--CORPORATE NAME | |
| Corporate name or jurisdiction name as entry element | 3G Elearning |
| Relator term | author |
| 245 ## - TITLE STATEMENT | |
| Title | Technical drafting: |
| Remainder of title | intermediate / |
| Statement of responsibility, etc. | 3G Elearning |
| 260 ## - PUBLICATION, DISTRIBUTION, ETC. | |
| Place of publication, distribution, etc. | UAE: |
| Name of publisher, distributor, etc. | 3G Elearning, |
| Date of publication, distribution, etc. | c2016 |
| 300 ## - PHYSICAL DESCRIPTION | |
| Extent | vi, 391p.: |
| Other physical details | ill. (some col.); with CD |
| 504 ## - BIBLIOGRAPHY, ETC. NOTE | |
| Bibliography, etc. note | Includes index |
| 541 ## - IMMEDIATE SOURCE OF ACQUISITION NOTE | |
| Accession number | 5856 |
| 650 ## - SUBJECT ADDED ENTRY--TOPICAL TERM | |
| Topical term or geographic name entry element | Mechanical drawing |
| 650 ## - SUBJECT ADDED ENTRY--TOPICAL TERM | |
| Topical term or geographic name entry element | Drafting |
| Withdrawn status | Lost status | Source of classification or shelving scheme | Damaged status | Not for loan | Home library | Current library | Date acquired | Total Checkouts | Full call number | Barcode | Date last seen | Copy number | Price effective from | Koha item type |
|---|---|---|---|---|---|---|---|---|---|---|---|---|---|---|
| Dewey Decimal Classification | ctu-moalboal | ctu-moalboal | 01/14/2019 | 604.24 T531 2016 | 5856 | 03/22/2023 | 1 | 03/22/2023 | Books-Reference |